000 01104nam a22003017a 4500
001 BR8706765
003 BR-BrBNA
005 20230928092744.0
007 ta
008 230509b bl.||||| |||| 00| 0 por d
040 _aBR-BrBNA
_bpor
_cBiblioteca Nacional de Agricultura
041 _a(Por)
072 _aF01
_b0700
_b0900
_b/G514
090 _ 0700 BR8706765
100 1 _aHentschke, R.
110 1 _aEmpresa de Assistencia Tecnica e Extensao Rural do Estado de Santa Catarina, Florianopolis (Brasil);
_94031
110 1 _aAssociacao de Credito e Assistencia Rural de Santa Catarina, Florianopolis (Brasil)
245 1 _aFrutos de clima temperado producoes da safra 1979/80 [Santa Catarina, Brasil]
260 3 _aFlorianopolis, SC (Brasil):
_c1980.
300 _avp.
500 _a[ca. 21]p.; 11 tables. (*) Documento disponível na(o) Empresa Catarinense de Pesquisa Agropecuaria, Florianopolis, SC (Brazil)
650 _aPRODUCAO VEGETAL
650 _aFRUTA DE CLIMA TEMPERADO
650 _aSAFRA
650 _aSANTA CATARINA
909 _a202309
_bLucia
_c55
_dLucia Elande
942 _cBK
999 _c41002
_d41002